LEADER 01127nam 2200361 450 001 9910145679203321 005 20180302144823.0 010 $a1-5090-7765-0 035 $a(CKB)1000000000711265 035 $a(WaSeSS)IndRDA00093268 035 $a(EXLCZ)991000000000711265 100 $a20180302d2008 || | 101 0 $aeng 135 $aur||||||||||| 181 $ctxt$2rdacontent 182 $cc$2rdamedia 183 $acr$2rdacarrier 200 10$a2008 14th IEEE International On-Line Testing Symposium $e7-9 July 2008 210 1$aNew York :$cIEEE,$d2008. 215 $a1 online resource (306 pages) 311 $a0-7695-3264-0 606 $aElectronic circuits$xTesting$vCongresses 606 $aOnline data processing$vCongresses 606 $aElectronic circuit design$vCongresses 615 0$aElectronic circuits$xTesting 615 0$aOnline data processing 615 0$aElectronic circuit design 801 0$bWaSeSS 801 1$bWaSeSS 906 $aPROCEEDING 912 $a9910145679203321 996 $a2008 14th IEEE International On-Line Testing Symposium$92337576 997 $aUNINA LEADER 01075nam0 22002651i 450 001 UON00084550 005 20231205102442.291 100 $a20020107f |0itac50 ba 101 $aita 102 $aIT 105 $a|||| ||||| 200 1 $aˆLe ‰popolazioni del bacino superiore dello Uabi Scebeli$fEnrico Cerulli 205 $a[Italia] : A. Mondadori$b[19..] 210 $aP. 135-181$a25 cm 215 $aEstratto da: La esplorazione dello Uabi-Uebi Scebeli / S. A. R. il Duca degli Abruzzi 606 $aSOMALIA$xPopoli$3UONC022327$2FI 676 $a305.8935$cPOPOLI CUSCITI E OMOTICI$v21 700 1$aCERULLI$bEnrico$3UONV007321$04394 712 $aMondadori$3UONV245964$4650 801 $aIT$bSOL$c20240220$gRICA 899 $aSIBA - SISTEMA BIBLIOTECARIO DI ATENEO$2UONSI 912 $aUON00084550 950 $aSIBA - SISTEMA BIBLIOTECARIO DI ATENEO$dSI ET MISC I 012 $eSI MR 66065 5 012 996 $aPopolazioni del bacino superiore dello Uabi Scebeli$91298422 997 $aUNIOR